000 00589 a2200217 4500
005 20250506123513.0
008 250506b |||||||| |||| 00| 0 eng d
020 _a9780367463212
_c£ 54.99
040 _aMAIN
082 _a005.55
_bY72S(4)
100 _aYockey, Ronald D
245 _aSPSS demystified: A simple guide and reference
250 _a4th
260 _c2023
_aNew York
_bRoutledge
300 _axv, 263
650 _aComputer Science
650 _aSPSS for Window
650 _aSocial Sciences-Research
650 _aData Processing-Computer Programs
942 _cBK
999 _c358529
_d358529